|
|
|
|
| LEADER |
01328nam a2200349 a 4500 |
| 001 |
EBC946968 |
| 003 |
MiAaPQ |
| 005 |
20200520144314.0 |
| 006 |
m o d | |
| 007 |
cr cn||||||||| |
| 008 |
121227s2013 nju sb 001 0 eng d |
| 020 |
|
|
|z 9781118277263 (pbk.)
|
| 020 |
|
|
|a 9781118419557 (electronic bk.)
|
| 035 |
|
|
|a (MiAaPQ)EBC946968
|
| 035 |
|
|
|a (Au-PeEL)EBL946968
|
| 035 |
|
|
|a (CaPaEBR)ebr10639284
|
| 035 |
|
|
|a (CaONFJC)MIL420578
|
| 035 |
|
|
|a (OCoLC)823230728
|
| 040 |
|
|
|a MiAaPQ
|c MiAaPQ
|d MiAaPQ
|
| 043 |
|
|
|a n-us---
|
| 050 |
|
4 |
|a HF5667
|b .F56 2013
|
| 100 |
1 |
|
|a Flood, Joanne M.
|
| 245 |
1 |
0 |
|a Wiley practitioner's guide to GAAS 2013
|h [electronic resource] :
|b covering all SASs, SSAEs, SSARSs, and interpretations /
|c Joanne M. Flood.
|
| 260 |
|
|
|a Hoboken, N.J. :
|b Wiley,
|c 2013.
|
| 300 |
|
|
|a xvii, 1204 p.
|
| 504 |
|
|
|a Includes bibliographical references and index.
|
| 533 |
|
|
|a Electronic reproduction. Ann Arbor, MI : ProQuest, 2015. Available via World Wide Web. Access may be limited to ProQuest affiliated libraries.
|
| 650 |
|
0 |
|a Auditing
|x Standards
|z United States.
|
| 650 |
|
0 |
|a Accounting
|x Standards
|z United States.
|
| 655 |
|
4 |
|a Electronic books.
|
| 710 |
2 |
|
|a ProQuest (Firm)
|
| 856 |
4 |
0 |
|u https://ebookcentral.proquest.com/lib/matrademy/detail.action?docID=946968
|z Click to View
|